| 000 | 01573cad a22003495a 4500 | ||
|---|---|---|---|
| 001 | L143367 | ||
| 008 | 080430s2008 xxk f 100 0 eng d | ||
| 035 | _a(Sirsi) u143367 | ||
| 041 | 0 | _aeng | |
| 050 | 0 | 4 | _a346.41043 $2 18 |
| 100 | 1 | _aEdwards, Chris | |
| 111 | 2 |
_aAnnual Conference of the Property Litigation Association _b(April 2008) |
|
| 245 | 0 | 0 |
_aAnnual conference of the Property Litigation Association _bKeble College, Oxford _h[electronic resource] |
| 260 |
_a[S.l.] _bPLA _c2008 |
||
| 505 | 2 | _aService charges: how the new code will affect you and your client -- What are damages for? -- Non-derogation from grant -- Costs -- Planning issues for property litigators -- Assured shorthold tenancies and accelerated possession claims -- Insolvency: a brief history of 'guarantee stripping' from the Bible to the case of Prudential Assurance v Powerhouse -- Case law kaleidoscope: a review of some of the year's significant cases | |
| 520 | _aCollection of conference papers from the Property Litigation Association's 2008 annual conference. | ||
| 521 | 2 | _aAdvanced | |
| 590 | _aKA | ||
| 651 | 4 |
_aUnited Kingdom _y |
|
| 690 | _aPROPERTY | ||
| 700 | 1 | _aLewison, Justice | |
| 700 | 1 | _aMcGhee, John | |
| 700 | 1 | _aRiordan, Brian | |
| 700 | 1 | _aRiordan, Doug | |
| 700 | 1 | _aElvin, David | |
| 700 | 1 | _aJefferies, Tom | |
| 700 | 1 | _aWebber, Gary | |
| 700 | 1 | _aMoss, Gabriel | |
| 700 | 1 | _aDowding, Nicholas | |
| 856 | 4 | 0 |
_uhttps://www.pla.org.uk/library/conference_papers _zView the conference papers free of charge at www.pla.org.uk... |
| 942 | _n0 | ||
| 999 |
_c108134 _d108134 |
||